000 00651nam a2200205Ii 4500
003 JO-AjNU
008 230605s9999||||xx |||||||||||||| ||und||
040 _aJO-AjNU
_bara
_erda
_cJO-AjNU
041 _aara
050 1 4 _aQA95.N90 2005
100 3 _aنادر، موسى,
_eauthor
_919132
245 0 0 _aالألغاز الرياضية : تمارين رياضية مسلية ومفيدة
250 _aد.ط
264 3 1 _aعمان : دار الاسراء، 2005
300 _a80ص
336 _atext
_btxt
_2rdacontent
337 _aunmediated
_bn
_2rdamedia
338 _avolume
_bnc
_2rdacarrier
650 4 _aالالغاز الرياضية
_919133
999 _aA6251
_c9819
_d9819